000 00584nam a2200193Ia 4500
003 GCL
008 140319s9999 xx 000 0 ara d
040 _aGCL /
_cGCL
082 0 4 _a629.44
_bس ا
100 1 _aسيد رمضان هدارة
245 1 0 _aاستكشاف الفضاء واستغلال موارد الكون /
_cسيد رمضان هدارة
300 _a131 ص
490 _aالعلم والحياة
_v0
650 0 4 _aالفضاء
650 0 4 _aمركبات الفضاء
650 0 4 _aغزو الفضاء
650 0 4 _aالفضاء - رحلات
942 _2ddc
_cBK
999 _c48040
_d48040